000 01887nam a22002537a 4500
999 _c63503
_d63503
003 Ge_BSU
005 20251023191842.0
008 251020s2025 ge ||||| |||| 00| 0 geo d
020 _a9789941994715
041 _ageo
080 _a343(479.22) გ-36
245 _aგერმანულ-ქართული სამართლის დიალოგი : სისხლის სამართალი და ადამიანის უფლებები = Strafrecht und Menschenrechte:
_bკონფერენციის მასალები /
_cრედაქტორები: ბაჩანა ჯიშკარიანი, მარტინ პაულ ვასმერი.
264 _aთბილისი :
_bიურისტების სამყარო,
_c2025.
300 _a258 გვ.
_b20 სმ.
500 _aტექსტის ნაწილი გერმანულ ენაზე
501 _aპროექტი განხორციელდა ფრიდრიხ ნაუმანის ფონდის სამხრეთ კავკასიაში წარმომადგენლობის ფინანსური მხარდაჭერით.
504 _aბიბლიოგრაფია ტექსტის შენიშვნებში
653 _aსისხლის სამართალი
653 _aადამიანის უფლებების დაცვა
700 _aჯიშკარიანი, ბაჩანა
_eრედაქტორი
_926077
700 _aვასმერი, მარტინ პაულ
_eრედაქტორი
_915766
856 _uhttps://wistra.uni-koeln.de/sites/wistra-llm/user_upload/Tagungsband_2024.pdf
_yელ. ვერსია
942 _2udc
_cᲬᲘᲒᲜᲘ